000 00401nam a22001217a 4500
082 _a200 THE
100 _aFarkhanda Rasheed
_915494
245 _aTH-SOF-1123-Workflow Optimization through Business Process Reengineering for Tele-Cardiac System
260 _aIslamabad
_bNUST College of EME
_c2015
650 _a MS-CSE-12 MSTHESIS
700 _aSupervison Dr. SHOAB AHMED KHAN
_970199
942 _cCF
999 _c577253
_d577253